000 01379cam a2200337 a 4500
001 14204421
003 OSt
005 20210914112111.0
008 051219s2006 njua b 001 0 eng
010 _a 2005058223
020 _a0471746622 (acidfree paper)
035 _a(OCoLC)ocm62742651
038 _akhadija
040 _aDLC
_cDLC
_dBAKER
_dC#P
_dVP@
_dDLC
050 0 0 _aQA37.3
_b.L64 2006
082 0 0 _a510
_222
_bLOG
100 1 _aLogan, J. David
_q(John David)
_912573
245 1 0 _aApplied mathematics /
_cJ. David Logan.
250 _a3rd ed.
260 _aHoboken, N.J. :
_bWiley-Interscience,
_cc2006.
300 _axiv, 529 p. :
_bill. ;
_c25 cm.
504 _aIncludes bibliographical references and index.
563 _ahardcover
650 0 _aMathematics
_vTextbooks.
_935909
856 4 2 _3Publisher description
_uhttp://www.loc.gov/catdir/enhancements/fy0659/2005058223-d.html
856 4 2 _3Contributor biographical information
_uhttp://www.loc.gov/catdir/enhancements/fy0827/2005058223-b.html
856 4 1 _3Table of contents only
_uhttp://www.loc.gov/catdir/enhancements/fy0827/2005058223-t.html
906 _a7
_bcbc
_corignew
_d1
_eocip
_f20
_gy-gencatlg
942 _2ddc
_cBK
999 _c32437
_d32437